| 000 | 00982nam a22003017a 4500 | ||
|---|---|---|---|
| 003 | CHAP | ||
| 005 | 20220329135002.0 | ||
| 008 | 971013s1946 r 00010 d | ||
| 010 | _a29090 | ||
| 011 | _a30062 | ||
| 035 | _a34174 | ||
| 040 | _cCHAP | ||
| 082 |
_a630.215 _bM2 |
||
| 100 | 0 | 0 |
_aMacLean, R. C. _969469 |
| 245 |
_aPractical field ecology _b: a guide botany departments of universities, colleges and schools |
||
| 260 |
_aLondon : _bGeorge Allen, _c1946 |
||
| 300 |
_a216 p. _b: ilus. ; gráfs |
||
| 590 |
_aBATCH-UPD _b10 _c20130110 _lUCH01 _h1958 |
||
| 590 |
_aBATCH-UPD _b10 _c20130410 _lUCH01 _h1319 |
||
| 590 |
_aBATCH-UPD _b10 _c20130914 _lUCH01 _h1227 |
||
| 590 |
_aCONVERSION _b10 _c20130109 _lUCH01 _h1317 |
||
| 650 | 1 | 4 |
_aEcología agrícola. _935165 |
| 650 | 1 | 4 |
_aEcología _xManuales de laboratorio. _935155 |
| 700 | 0 |
_aCook, W.R. Ivimey. _927710 |
|
| 901 | _aBK | ||
| 942 | _cLIBRO | ||
| 949 |
_a630.215 M2 _bBC _cLIBRO _d33724000028791 _eLIBRO _h73481 _i34174 _mD _si |
||
| 999 |
_c29090 _d29090 |
||